Handbook of clinical neurology.: Volume 21 (Record no. 1257)

000 -LEADER
fixed length control field 02309nam a22006137a 4500
001 - CONTROL NUMBER
control field 5518823
003 - CONTROL NUMBER IDENTIFIER
control field LIBRIS
005 - DATE AND TIME OF LATEST TRANSACTION
control field 20210208084802.0
008 - FIXED-LENGTH DATA ELEMENTS--GENERAL INFORMATION
fixed length control field 011211s1975 ne 001 0 eng c
020 ## - INTERNATIONAL STANDARD BOOK NUMBER
International Standard Book Number 0720472210 (NorthHolland)
020 ## - INTERNATIONAL STANDARD BOOK NUMBER
International Standard Book Number 0444108459 (Am. Elsevier)
020 ## - INTERNATIONAL STANDARD BOOK NUMBER
International Standard Book Number 0720472008 (hela verket)
020 ## - INTERNATIONAL STANDARD BOOK NUMBER
International Standard Book Number 0-444-90404-2
040 ## - CATALOGING SOURCE
Original cataloging agency Li
Language of cataloging eng
Transcribing agency DLC
041 ## - LANGUAGE CODE
Language code of text/sound track or separate title eng
080 ## - UNIVERSAL DECIMAL CLASSIFICATION NUMBER
Universal Decimal Classification number 616.8
Item number V-69
082 ## - DEWEY DECIMAL CLASSIFICATION NUMBER
Classification number 616.9
Item number 92
Classification number 616.9
082 ## - DEWEY DECIMAL CLASSIFICATION NUMBER
Classification number 616.9
Item number 92
Classification number 616.9
084 ## - OTHER CLASSIFICATION NUMBER
Classification number Veba
Number source kssb/8 (machine generated)
084 ## - OTHER CLASSIFICATION NUMBER
Classification number Vef
Number source kssb/5
100 ## - MAIN ENTRY--PERSONAL NAME
9 (RLIN) 806
Personal name Vinken, J., P.
Relator term Editor
245 00 - TITLE STATEMENT
Title Handbook of clinical neurology.: Volume 21
Number of part/section of a work System disorders and atrophies, Part. 1
Name of part/section of a work in collab. with J.M.B.V. De Jong ...
Statement of responsibility, etc. / by: Elsevier Publishing CO., Inc
260 ## - PUBLICATION, DISTRIBUTION, ETC.
Place of publication, distribution, etc. New York
Name of publisher, distributor, etc. Elsevier Publishing CO., Inc
Date of publication, distribution, etc. 1975
300 ## - PHYSICAL DESCRIPTION
Extent 636 p.
Other physical details ill.
650 #7 - SUBJECT ADDED ENTRY--TOPICAL TERM
Topical term or geographic name entry element Spine
Source of heading or term BNB
650 #0 - SUBJECT ADDED ENTRY--TOPICAL TERM
Topical term or geographic name entry element Neurology
9 (RLIN) 100
650 #2 - SUBJECT ADDED ENTRY--TOPICAL TERM
Topical term or geographic name entry element Nervous system diseases
650 #7 - SUBJECT ADDED ENTRY--TOPICAL TERM
Topical term or geographic name entry element man
Source of heading or term BNB
650 #2 - SUBJECT ADDED ENTRY--TOPICAL TERM
Topical term or geographic name entry element Nervous system diseases
650 #2 - SUBJECT ADDED ENTRY--TOPICAL TERM
Topical term or geographic name entry element Neurology: handbooks
650 #2 - SUBJECT ADDED ENTRY--TOPICAL TERM
Topical term or geographic name entry element Nervous system diseases: handbooks
653 ## - INDEX TERM--UNCONTROLLED
Uncontrolled term ნევროლოგია
653 ## - INDEX TERM--UNCONTROLLED
Uncontrolled term ნერვული სისტემის დაავადებები
653 ## - INDEX TERM--UNCONTROLLED
Uncontrolled term ხერხემალი
700 1# - ADDED ENTRY--PERSONAL NAME
Personal name Vinken, Pierre J.
Relationship oth
Authority record control number or standard number 200360
700 1# - ADDED ENTRY--PERSONAL NAME
Personal name Bruyn, George W.
Relationship oth
700 1# - ADDED ENTRY--PERSONAL NAME
Personal name Klawans, Harold L.
Relationship oth
700 1# - ADDED ENTRY--PERSONAL NAME
Personal name De Jong,J. M. B. V.
Relationship oth
Authority record control number or standard number 48442
740 0# - ADDED ENTRY--UNCONTROLLED RELATED/ANALYTICAL TITLE
Uncontrolled related/analytical title System disorders and atrophies, P. 1
772 00 - SUPPLEMENT PARENT ENTRY
Control subfield nn
Title Handbook of clinical neurology
Qualifying information editors: Pierre J. Vinken, George W. Bruyn, Harold L. Klawans
Place, publisher, and date of publication Amsterdam : Elsevier, 1968-
International Standard Book Number 0-7204-7200-8
Record control number 0720472008
900 1s - EQUIVALENCE OR CROSS-REFERENCE-PERSONAL NAME [LOCAL, CANADA]
Linkage 700
Affiliation De Jong,J. M. B. V.
900 1s - EQUIVALENCE OR CROSS-REFERENCE-PERSONAL NAME [LOCAL, CANADA]
Linkage 700
Affiliation Vinken, Pierre J.
942 ## - ADDED ENTRY ELEMENTS (KOHA)
Source of classification or shelving scheme
Koha item type Books
Holdings
Withdrawn status Lost status Source of classification or shelving scheme Damaged status Not for loan Permanent location Current location Date acquired Inventory number Total Checkouts Full call number Barcode Date last seen Price effective from Koha item type
          Ken Walker International University Ken Walker International University 02/08/2021 1229   616.8 V-69 1229 02/08/2021 02/08/2021 Books

Powered by Koha